000 00703nam a2200265Ia 4500
005 20260302115226.0
008 008 260114s9999 xx 000 0 eng d
020 _a9781350486690
037 _aTextbook
040 _aCRL
040 _beng
040 _cCRL
041 _2eng
041 _aeng
084 _qCRL
100 _aSimon Avery
_91121049
245 0 _aThomas Hardy - The Mayor of Casterbridge / Jude the Obscure
260 _bBloomsbury
260 _bBloomsbury Academic
260 _c2008
650 _aLiterary Studies
856 _uhttps://doi.org/10.1007/978-1-137-02168-7?locatt=label:secondary_bloomsburyCollections
942 _cEBOOK
999 _c1685422
_d1685422